|
|
|
|
| LEADER |
01298nam a22003734a 4500 |
| 001 |
EBC215036 |
| 003 |
MiAaPQ |
| 005 |
20200520144314.0 |
| 006 |
m o d | |
| 007 |
cr cn||||||||| |
| 008 |
020624s2002 enka sb 001 0 eng |
| 010 |
|
|
|z 2002068144
|
| 015 |
|
|
|a GBA1-V0508
|
| 020 |
|
|
|z 041527575X (pbk.)
|
| 035 |
|
|
|a (MiAaPQ)EBC215036
|
| 035 |
|
|
|a (Au-PeEL)EBL215036
|
| 035 |
|
|
|a (CaPaEBR)ebr10162449
|
| 035 |
|
|
|a (CaONFJC)MIL28208
|
| 035 |
|
|
|a (OCoLC)437067332
|
| 040 |
|
|
|a MiAaPQ
|c MiAaPQ
|d MiAaPQ
|
| 043 |
|
|
|a e-uk---
|
| 050 |
|
4 |
|a LB3081
|b .R455 2002
|
| 082 |
0 |
4 |
|a 371.2/94/0941
|2 21
|
| 084 |
|
|
|a 81.44
|2 bcl
|
| 100 |
1 |
|
|a Reid, Ken.
|
| 245 |
1 |
0 |
|a Truancy
|h [electronic resource] :
|b short and long-term solutions /
|c Ken Reid.
|
| 260 |
|
|
|a London ;
|a New York :
|b Routledge,
|c 2002.
|
| 300 |
|
|
|a x, 193 p. :
|b ill.
|
| 504 |
|
|
|a Includes bibliographical references (p. [189]-190) and index.
|
| 533 |
|
|
|a Electronic reproduction. Ann Arbor, MI : ProQuest, 2015. Available via World Wide Web. Access may be limited to ProQuest affiliated libraries.
|
| 650 |
|
0 |
|a School attendance
|z Great Britain.
|
| 655 |
|
4 |
|a Electronic books.
|
| 710 |
2 |
|
|a ProQuest (Firm)
|
| 856 |
4 |
0 |
|u https://ebookcentral.proquest.com/lib/matrademy/detail.action?docID=215036
|z Click to View
|